| 000 | 00713cam a22001217a 4500 | ||
|---|---|---|---|
| 008 | 180718b-- xxu||||| |||| 00| 0 eng d | ||
| 082 | _aK12055x54 In2/IAS | ||
| 245 |
_aCivil list, Indian Administrative Service _cby Department of Personnel and Training, Ministry of Personnel, Public Grievances and Pensions |
||
| 260 |
_aNew Delhi _bDepartment of Personnel and Training, Ministry of Personnel, Public Grievances and Pensions _c-- |
||
| 500 | _aLibrary has 1950, 1952, 1954, 1956-1959, 1961-1962, 1964-1983, 1985-1986, 1988-2006, 2008-2012, 2013-2016, 2017 | ||
| 650 | _aCivil service - Directories - India | ||
| 700 | _aIndia. Ministry of Personnel, Public Grievances and Pensions. Department of Personnel and Training | ||
| 999 |
_c376053 _d376053 |
||